000
00305nam a22001337a 4500
008
180913b xxu||||| |||| 00| 0 eng d
020
_a
0256025282
041
_a
eng
080
_a
338
100
_a
53
101
_a
MAN
245
_a
Production Operations Management
_c
Stevenson.W.J
942
_2
udc
_c
BK
999
_c
47738
_d
47738